000 00358nam a2200157Ia 4500
008 230312s9999||||xx |||||||||||||| ||und||
020 _a1-932857-24-9
082 _a791.437
_bSPO-W
100 _aSpotts;Greg
245 0 _aWal Mart
260 _bDisinformation
_aUSA
_c2005
300 _a221
546 _aEng.
650 _aManagement
_vWalMart
942 _cBK
999 _c6971
_d6971